000 00444nam a2200157 i 4500
001 92890
003 ES-MaACL
005 20230906181059.0
007 t|
008 050330s1971 sp ||||1| spa d
100 1 _aLizondo, Joaquín.
_972629
245 1 0 _aFormación sobre el control de la vida sexual /
_cJ. Lizondo.
260 _aBarcelona :
_bTelstar,
_c1971.
300 _a346 p. :
_bil. ;
_c19 cm.
852 _aES-MaACL
_jC-51758
_bR.80366
999 _c92890
_d92890